000 00598nam a2200193 i 4500
001 32222
003 ES-MaACL
005 20230906154532.0
007 t|
008 030130s1914 fr ||||1| fre d
100 1 _aBerget, Alphonse.
_927985
245 1 4 _aLes problémes de l'atmosphère... /
_cAlphonse Berget.
260 _aParís :
_bErnest Flammarion,
_c1914 (
_fHemmerlé)
300 _a342 p. :
_bil. ;
_c19 cm.
490 1 _aBibliothèque de philosophie contemporaine
830 0 _aBibliothèque de philosophie contemporaine
_9181027
852 _aES-MaACL
_jF-6392
999 _c32222
_d32222